000 00880nam a2200217Ia 4500
003 GCL
008 140319s9999 xx 000 0 ara d
020 _a3805487977
040 _aGCL /
_cGCL
082 0 4 _a953.7
_bم ف
100 1 _aمحمود قمر
245 1 0 _aدور البحرين فى الملاحة والتجارة البحرية من صدر الاسلام حتى سقوط الخلافة العباسية /
_cمحمود قمر
250 _aالاولى
260 _aالقاهرة :
_bعين للدراسات والبحوث الانسانية والاجتماعية ،
_c1997
300 _a116 ص ؛
_c28 سم
650 0 4 _aالبحرية
650 0 4 _aالبحرية - تاريخ - العصر الاسلامى
650 0 4 _aالبحرية - تاريخ - العصر العباسى
650 0 4 _aالبحرية - علاقات تجارية
942 _2ddc
_cBK
999 _c50864
_d50864